Existence et subjetivité: etudes de psychologie phénoménologique
Guardat en:
| Autor principal: | |
|---|---|
| Format: | Llibre |
| Idioma: | francès |
| Publicat: |
Bruselas
Université de Bruxelles
1991
|
| Matèries: | |
| Etiquetes: |
Afegir etiqueta
Sense etiquetes, Sigues el primer a etiquetar aquest registre!
|
MARC
| LEADER | 00000nam a2200000 a 4500 | ||
|---|---|---|---|
| 001 | UCX3438 | ||
| 003 | CL-VaPUC | ||
| 008 | 911106e19910000BE |||||||||||||||||fre|d | ||
| 082 | 0 | 4 | |a 141 |b THI |2 21 |
| 100 | 0 | |a Thines, Georges |e author |9 319636 | |
| 245 | 1 | 0 | |a Existence et subjetivité: etudes de psychologie phénoménologique |
| 300 | |a 249 p | ||
| 942 | |c BK | ||
| 945 | |d 19911106 00:00:00 | ||
| 260 | |a Bruselas |b Université de Bruxelles |c 1991 | ||
| 650 | 0 | |a Fenomenología |9 256519 | |
| 650 | 7 | |a CONDUCTISMO PSICOLOGIA |2 CL-VaPUC |9 319637 | |
| 650 | 0 | |a Subjetividad |9 319638 | |
| 583 | |a last modification |c 19911106 00:00:00 |k Rodrigo Vera | ||
| 999 | |c 224204 |d 224202 | ||
| 952 | |0 0 |1 0 |4 0 |6 141_000000000000000_THI_1991 |7 0 |8 P |9 220694 |a BIBEDU |b BIBEDU |c BIBEDU_PB |d 2019-11-15 |i 2894084 |o 141 THI 1991 |p 2894084 |r 2024-01-25 |w 2019-11-15 |y BK |k FIL | ||